00854naa#a2200193#i#4500001001600000005001700016011001400033100004100047102000700088200016800095210010500263215001000368608004500378700005200423700006000475700005400535700005600589856001500645RU\\bibl\12674020260704042320.6##a2542-1840##a20260630b2026####ek#y0rusy0150####ca##aRU1#aФормирование культуры здоровья у студентов высших учебных заведенийeЖурнальная статья1#aКемеровоcКемеровский государственный университетd2026##a9 с.##aЖурнальная статья2local#1aГорбатковаgЕлена Юрьевна#1aХусаиноваgЭльвира Рифгатовна#1aМануйловаgГульшат Римовна#1aГорбатковgПавел Викторович4#ajsocnet.ru